| 000 | 00577nam a22001937a 4500 | ||
|---|---|---|---|
| 005 | 20251108164337.0 | ||
| 008 | 250721s1988 xx 000 0 ara d | ||
| 082 | 1 | 4 | _a504/عاد |
| 100 | 1 | _aجرار، عادل أحمد | |
| 245 | 1 | 0 |
_aالشتاء النووي : _bمجموعة مقالات / |
| 264 | 1 |
_aعمان : _bدار الضياء للنشر و التوزيع، _c1988. |
|
| 300 | _a136ص | ||
| 650 | 1 | 7 | _aالعلوم |
| 650 | 1 | 7 | _aالمقالات |
| 650 | 1 | 7 | _aالمحاضرات |
| 650 | 1 | 7 | _aالطاقة النووية |
| 942 |
_2ddc _cBK |
||
| 999 |
_c9832 _d9832 |
||